000 00657nam a22001937a 4500
005 20130617151327.0
010 _aENG-107416
020 _a9789380831695
_c199.00
035 _aEN-90949
037 _bDBAD/PUB
082 _a158.3
100 _aReddy, S. Viswanatha
245 _aCounselling psychology :
_cby S. Viswanatha Reddy [and] B. Sudhakar Rao
_btheory and practice /
260 _aHyderabad
_bStudentshelpline Publishing House
_c2012
270 _a326/C Surneni Nilayam, Near B K Guda Park, S.R. Nagar
_bHyderabad
_e500038
300 _avarious pagings
_c24cm(pbk)
700 _aRao, B. Sudhakar
942 _2ddc
_cEN
_mRAO
_h158.3
999 _c76220
_d76220